Country and Modern: Contemporary Interiors for Rural Settings (Record no. 33462)

MARC details
000 -LEADER
fixed length control field 00486nam a22001817a 4500
005 - DATE AND TIME OF LATEST TRANSACTION
control field 20230918113812.0
008 - FIXED-LENGTH DATA ELEMENTS--GENERAL INFORMATION
fixed length control field 230907b |||||||| |||| 00| 0 eng d
020 ## - INTERNATIONAL STANDARD BOOK NUMBER
ISBN 9781844002283
082 ## - DEWEY DECIMAL CLASSIFICATION NUMBER
Classification number 747.888
Item number HAL-C
100 ## - MAIN ENTRY--AUTHOR
Author Name Hall,Dinah
245 ## - TITLE STATEMENT
Title Country and Modern: Contemporary Interiors for Rural Settings
260 ## - PUBLICATION, DISTRIBUTION, ETC.
Place of Publication China
Name of publisher, distributor, etc. Quadrille Publishing Limited
Date of publication, distribution, etc. 2006
300 ## - PHYSICAL DESCRIPTION
Pages 160
500 ## - GENERAL NOTE
General note Include index
650 ## - SUBJECT ADDED ENTRY--TOPICAL TERM
Subject / Department Architecture
700 ## - ADDED ENTRY--PERSONAL NAME
Personal name Dinah Hall
952 ## - LOCATION AND ITEM INFORMATION (KOHA)
-- 0
-- 0
Holdings
Lost status Damaged status Permanent Location Current Location Shelving Location Date acquired Full Call Number Accession No./Barcode Date last seen item type
    Superior Information Resource Center (SIRC) Superior University- Central Library Superior Information Resource Center (SIRC) Superior University- Central Library Architecture 09/07/2023 747.888 HAL-C 2006 20356 09/07/2023 BOOK

Powered by Koha